[Event "Xtracon Chess Open 2019"]
[Site "Helsingor DEN"]
[Date "2019.07.23"]
[Round "5.169"]
[White "Rempe, Lennik"]
[Black "Wiberg, Jonas"]
[Result "0-1"]
[WhiteElo "1147"]
[BlackElo "1700"]
[WhiteFideId "16248031"]
[BlackFideId "1720090"]
[EventDate "2019.07.20"]

1. e4 c6 2. d4 d5 3. exd5 cxd5 4. Bd3 Nc6 5. Nf3 Bg4 6. Be2 Nf6 7. O-O e6 8. Nc3
Be7 9. Bd2 Bxf3 10. Bxf3 Nxd4 11. Be3 Nxf3+ 12. Qxf3 O-O 13. Qg3 Re8 14. Bh6 g6
15. h4 Nh5 16. Qe5 Bf6 17. Qe3 d4 18. Qf3 dxc3 19. g4 Ng7 20. Rad1 Qe7 21. Rd7
Red8 22. Rxe7 Bxe7 23. Qxc3 Ne8 24. h5 Rac8 25. Qg3 Rd5 26. f4 Rxc2 27. f5 Bc5+
28. Kh1 Bd6 29. Qh4 Rh2+ 30. Qxh2 Bxh2 31. Kxh2 Nf6 32. Kh3 exf5 33. Rc1 fxg4+
34. Kh4 Rxh5+ 35. Kg3 Rxh6 36. Rc8+ Kg7 37. Rc7 Rh5 38. Rxb7 Ra5 39. a3 h5 40.
b4 Rxa3+ 41. Kh4 Ne4 42. b5 Rh3# 0-1

[Event "Xtracon Chess Open 2019"]
[Site "Helsingor DEN"]
[Date "2019.07.23"]
[Round "5.170"]
[White "Jensen, Torben W."]
[Black "Madsen, Dennis"]
[Result "0-1"]
[WhiteElo "1693"]
[BlackElo "1529"]
[WhiteFideId "1515942"]
[BlackFideId "1425919"]
[EventDate "2019.07.20"]

1. d4 g6 2. e4 d6 3. c3 Bg7 4. Be3 Nh6 5. f3 f5 6. Qd2 Nf7 7. Na3 fxe4 8. fxe4
e5 9. d5 Qh4+ 10. Qf2 Qxe4 11. Rd1 Bh6 12. Ke2 O-O 13. Qf3 Bg4 0-1

[Event "Xtracon Chess Open 2019"]
[Site "Helsingor DEN"]
[Date "2019.07.23"]
[Round "5.171"]
[White "Weersing, Nathan"]
[Black "Haugaard, Thomas"]
[Result "1/2-1/2"]
[WhiteElo "1388"]
[BlackElo "1690"]
[WhiteFideId "467936"]
[BlackFideId "1414330"]
[EventDate "2019.07.20"]

1. e4 c5 2. c3 e6 3. d4 Nf6 4. e5 Nd5 5. Nf3 Nc6 6. Bc4 Nb6 7. Bd3 cxd4 8. cxd4
d6 9. O-O Nb4 10. Be2 Be7 11. Nc3 O-O 12. Ne4 d5 13. Neg5 Nc6 14. b3 Bd7 15. a3
f6 16. exf6 Bxf6 17. Nh3 e5 18. dxe5 Nxe5 19. Nxe5 Bxe5 20. Ra2 Qc7 21. f4 Bxh3
22. fxe5 Rxf1+ 23. Bxf1 Bf5 24. Bf4 Qc5+ 25. Kh1 Rf8 26. Ra1 Be4 27. Qd2 Qe7 28.
Kg1 Nd7 29. g3 Nxe5 30. Bg2 Nf3+ 31. Bxf3 Bxf3 32. Re1 Qc5+ 33. Be3 Qxa3 34. Qc3
Qa2 35. Bd2 Qa3 36. Ra1 Qd6 37. Rxa7 d4 38. Qc4+ Qd5 1/2-1/2

[Event "Xtracon Chess Open 2019"]
[Site "Helsingor DEN"]
[Date "2019.07.23"]
[Round "5.172"]
[White "Kustagi, Zeeshan"]
[Black "Hein, Jacob"]
[Result "1-0"]
[WhiteElo "1690"]
[BlackElo "1422"]
[WhiteFideId "1468839"]
[BlackFideId "1402870"]
[EventDate "2019.07.20"]

1. e4 Nf6 2. e5 Nd5 3. d4 d6 4. c4 Nb6 5. exd6 cxd6 6. Nf3 N8d7 7. Nc3 Qc7 8.
Qb3 a6 9. Be3 Rb8 10. Rc1 Nf6 11. Bd3 Bd7 12. O-O h6 13. d5 Nc8 14. Na4 Bxa4 15.
Qxa4+ Qd7 16. Qb3 b6 17. Nd4 e5 18. Bf5 Qb7 19. Nc6 Ra8 20. a4 g6 21. Bh3 Ne4
22. Rfe1 f5 23. g3 Nc5 24. Bxc5 dxc5 25. Rxe5+ Kf7 26. Nd8+ 1-0

[Event "Xtracon Chess Open 2019"]
[Site "Helsingor DEN"]
[Date "2019.07.23"]
[Round "5.173"]
[White "Hinrichs, Kurt"]
[Black "Nielsen, Leo Kresten Roland"]
[Result "0-1"]
[WhiteElo "1225"]
[BlackElo "1653"]
[WhiteFideId "12994057"]
[BlackFideId "1426095"]
[EventDate "2019.07.20"]

1. d4 g6 2. Bf4 d6 3. e3 Bg7 4. Nf3 Bg4 5. Be2 Nd7 6. c4 e5 7. dxe5 dxe5 8. Bg3
e4 9. Nd4 Bxe2 10. Qxe2 a6 11. Nc3 Ngf6 12. Bh4 c5 13. Nb3 O-O 14. Nxe4 Re8 15.
Nxf6+ Nxf6 16. Nxc5 Qa5+ 17. Qd2 Qxc5 18. b3 Ne4 19. Qd5 Qxd5 20. cxd5 Bxa1 21.
O-O Bf6 0-1

[Event "Xtracon Chess Open 2019"]
[Site "Helsingor DEN"]
[Date "2019.07.23"]
[Round "5.174"]
[White "Fjallheim, Elmar Reinert"]
[Black "Storme, Joel"]
[Result "1-0"]
[WhiteElo "1609"]
[BlackElo "1448"]
[WhiteFideId "7201095"]
[BlackFideId "1749021"]
[EventDate "2019.07.20"]

1. d4 d5 2. Bf4 Bf5 3. Nc3 e6 4. f3 Nf6 5. e3 Bd6 6. Nge2 O-O 7. g4 Bg6 8. h4 h6
9. g5 Nh5 10. gxh6 Nxf4 11. hxg7 Kxg7 12. Nxf4 Bxf4 13. exf4 Rh8 14. Bd3 Rxh4
15. Rg1 Rxf4 16. Bxg6 fxg6 17. Qd3 Qh4+ 18. Ke2 g5 19. Nb5 Nc6 20. c3 Raf8 21.
Raf1 Rxf3 22. Rxf3 Qh2+ 23. Kf1 Qh3+ 24. Kf2 Qh2+ 25. Rg2 Qh4+ 26. Ke2 Qh5 27.
Nxc7 g4 28. Nxe6+ 1-0

[Event "Xtracon Chess Open 2019"]
[Site "Helsingor DEN"]
[Date "2019.07.23"]
[Round "5.175"]
[White "Rempe, Janne"]
[Black "Thybo, Jan"]
[Result "1/2-1/2"]
[WhiteElo "1594"]
[BlackElo "1316"]
[WhiteFideId "16202392"]
[BlackFideId "1438824"]
[EventDate "2019.07.20"]

1. d4 Nf6 2. Nf3 d6 3. Bf4 g6 4. e3 Bg7 5. h3 O-O 6. c3 Nbd7 7. Nbd2 c5 8. Be2
a6 9. O-O b5 10. b3 Bb7 11. Rc1 Ne4 12. Bd3 Ndf6 13. Nxe4 Nxe4 14. Ng5 Nxg5 15.
Bxg5 f6 16. Bf4 e5 17. Bg3 f5 18. f3 f4 19. exf4 exf4 20. Bf2 Qg5 21. dxc5 dxc5
22. Be4 Bxe4 23. fxe4 f3 24. Qd5+ Qxd5 25. exd5 fxg2 26. Kxg2 c4 27. bxc4 bxc4
28. Rfd1 Rad8 29. d6 Rd7 30. Bd4 Rfd8 31. Bb6 Rb8 32. Be3 Rb2+ 33. Rd2 Rxd2+ 34.
Bxd2 Rxd6 35. Rc2 Kf7 36. Bf4 Rc6 1/2-1/2

[Event "Xtracon Chess Open 2019"]
[Site "Helsingor DEN"]
[Date "2019.07.23"]
[Round "5.176"]
[White "Gade, Jens"]
[Black "Damm, Henrik"]
[Result "0-1"]
[WhiteElo "1528"]
[BlackElo "1591"]
[WhiteFideId "1416111"]
[BlackFideId "1425013"]
[EventDate "2019.07.20"]

1. e4 e5 2. Nf3 Nc6 3. Bb5 a6 4. Ba4 d6 5. h3 h6 6. O-O Bd7 7. c3 Nf6 8. Re1 Be7
9. d4 exd4 10. cxd4 O-O 11. Nc3 b5 12. Bc2 Re8 13. Qd3 Nb4 14. Qd2 Nxc2 15. Qxc2
Bc6 16. d5 Bb7 17. Nd4 Qd7 18. Be3 c6 19. dxc6 Bxc6 20. Nxc6 Qxc6 21. a3 Bf8 22.
f3 Nd7 23. Rac1 Rac8 24. Qd2 Qb7 25. Nd5 Ne5 26. b3 Rxc1 27. Rxc1 Rc8 28. Rxc8
Qxc8 29. Qc1 Qxc1+ 30. Bxc1 Nc6 31. Be3 Nb8 32. Kf2 f6 33. b4 Kf7 34. Ba7 Nc6
35. Nc7 Nxa7 0-1

[Event "Xtracon Chess Open 2019"]
[Site "Helsingor DEN"]
[Date "2019.07.23"]
[Round "5.177"]
[White "Jensen, Johannes Frank"]
[Black "Sundin, Sven-Ingvar"]
[Result "0-1"]
[WhiteElo "1347"]
[BlackElo "1632"]
[WhiteFideId "1457942"]
[BlackFideId "1724517"]
[EventDate "2019.07.20"]

1. d4 d5 2. c4 c6 3. Nf3 dxc4 4. e3 b5 5. a4 e6 6. b3 Bb4+ 7. Bd2 Bxd2+ 8. Nfxd2
a5 9. axb5 cxb5 10. bxc4 b4 11. c5 Bd7 12. Bd3 Nf6 13. O-O O-O 14. Qf3 Bc6 15.
Qh3 h6 16. Nf3 a4 17. Nbd2 Nbd7 18. Ne5 Nxe5 19. dxe5 Ne8 20. Be4 Bxe4 21. Nxe4
Qd5 22. Nd6 Qxc5 23. Nxe8 Rfxe8 24. Qg4 Reb8 25. Qe4 a3 26. Rfb1 b3 27. Rxb3
Rxb3 28. Qxa8+ Kh7 29. Qe4+ g6 30. g3 Qc3 31. Rf1 a2 32. Qa4 Ra3 33. Qd7 Kg7 34.
Qe7 Ra8 35. Qf6+ Kg8 36. Kg2 a1=Q 37. Rxa1 Qxa1 38. Qf3 Rf8 39. Qf4 Qa8+ 40. Kh3
Kh7 41. f3 Qd8 42. g4 f6 43. Qe4 Qe7 44. Kg3 fxe5 45. h4 Qf6 46. Qb7+ Rf7 47.
Qe4 Kg7 48. f4 exf4+ 49. Kf3 fxe3+ 50. Kxe3 e5 51. g5 Qf4+ 52. Qxf4 exf4+ 53.
Kf3 h5 54. Ke2 Rf5 55. Kf3 Kf7 56. Ke2 f3+ 57. Kf2 Ke6 58. Ke1 Ke5 59. Kf2 Kf4
60. Kg1 Kg3 61. Kf1 Ra5 62. Ke1 Ra1+ 63. Kd2 f2 64. Ke3 f1=Q 65. Ke4 Qf5+ 66.
Kd4 Ra4+ 67. Kc3 Qf3+ 68. Kc2 Ra2+ 69. Kb1 Qb3+ 70. Kc1 Qc2# 0-1

[Event "Xtracon Chess Open 2019"]
[Site "Helsingor DEN"]
[Date "2019.07.23"]
[Round "5.178"]
[White "Morling, Aase"]
[Black "Johansen, Paul Ivar"]
[Result "1/2-1/2"]
[WhiteElo "1470"]
[BlackElo "1205"]
[WhiteFideId "1440993"]
[BlackFideId "1508024"]
[EventDate "2019.07.20"]

1. e4 c6 2. d4 d5 3. exd5 cxd5 4. c4 e6 5. Nc3 Bb4 6. a3 Bxc3+ 7. bxc3 Nf6 8.
Nf3 O-O 9. Bd3 Nc6 10. O-O a6 11. Ne5 Re8 12. Nxc6 bxc6 13. c5 Rb8 14. Bg5 h6
15. Bf4 Ra8 16. Be5 a5 17. a4 Ba6 18. Bxf6 Qxf6 19. Re1 Bxd3 20. Qxd3 Qf5 1/2-1/2

[Event "Xtracon Chess Open 2019"]
[Site "Helsingor DEN"]
[Date "2019.07.23"]
[Round "5.179"]
[White "Mansoor, Areeb"]
[Black "Rostrup, Nicolai"]
[Result "1-0"]
[WhiteElo "1183"]
[BlackElo "1462"]
[WhiteFideId "1535870"]
[BlackFideId "1445073"]
[EventDate "2019.07.20"]

1. e4 c5 2. Nf3 Nc6 3. Bc4 e6 4. Nc3 a6 5. a3 b5 6. Ba2 Bb7 7. d3 Nge7 8. Bf4 d6
9. O-O g6 10. Qd2 Bg7 11. Bh6 O-O 12. Bxg7 Kxg7 13. Ne2 d5 14. exd5 Nxd5 15.
Bxd5 exd5 16. Ng3 Qf6 17. Rab1 Nd4 18. Nxd4 Qxd4 19. Qg5 f6 20. Nf5+ Kh8 21.
Nxd4 fxg5 22. Ne6 Rfc8 23. Nxg5 Kg7 24. Rfe1 Bc6 25. Ne6+ Kh6 26. Nxc5 d4 27.
Ne6 Bd7 28. Nxd4 Ra7 29. Re7 Rcc7 30. h3 Bc8 31. Rxc7 Rxc7 32. g4 1-0

[Event "Xtracon Chess Open 2019"]
[Site "Helsingor DEN"]
[Date "2019.07.23"]
[Round "5.180"]
[White "Jensen, Jonbert M. S."]
[Black "Olsen, Lars Peter Levin"]
[Result "0-1"]
[WhiteElo "1461"]
[BlackElo "1187"]
[WhiteFideId "1435914"]
[BlackFideId "1454102"]
[EventDate "2019.07.20"]

1. e4 c5 2. Nf3 e6 3. Nc3 a6 4. a4 Nc6 5. b3 Qc7 6. Bb2 Be7 7. Be2 Bf6 8. O-O
Nge7 9. Qc1 d6 10. Nd1 e5 11. Ne3 O-O 12. Nd5 Nxd5 13. exd5 Ne7 14. c4 Bf5 15.
Ne1 Bg5 16. Qc3 Bh4 17. Bd3 Bg6 18. Bxg6 Nxg6 19. Qh3 Rae8 20. Nf3 Qd8 21. Rae1
Bf6 22. Re4 h6 23. g3 Qb6 24. Re3 Bd8 25. Qg2 f6 26. h4 Ne7 27. g4 Ng6 28. g5
Nf4 29. Qg4 fxg5 30. hxg5 hxg5 31. Nxg5 Bxg5 32. Qxg5 Qc7 33. Qg4 Qe7 34. Rg3
Rf7 35. Bc1 Rf6 36. Qh4 Ne2+ 0-1

[Event "Xtracon Chess Open 2019"]
[Site "Helsingor DEN"]
[Date "2019.07.23"]
[Round "5.181"]
[White "Krabbenhoft, Soren"]
[Black "Huse, Lars Paul"]
[Result "1-0"]
[WhiteElo "1456"]
[BlackElo "1124"]
[WhiteFideId "1449117"]
[BlackFideId "1526537"]
[EventDate "2019.07.20"]

1. d4 d5 2. Nf3 Nc6 3. Bf4 Bf5 4. c3 Nf6 5. h3 h6 6. e3 e6 7. Be2 Bd6 8. Bxd6
Qxd6 9. Nbd2 O-O 10. O-O Rfe8 11. Rc1 a6 12. c4 e5 13. dxe5 Nxe5 14. cxd5 Rac8
15. Nxe5 Qxe5 16. Nc4 Qe7 17. d6 cxd6 18. Qxd6 Qxd6 19. Nxd6 Rxc1 20. Rxc1 Re5
21. Nxf5 Rxf5 22. Rc8+ Kh7 23. Bd3 1-0

[Event "Xtracon Chess Open 2019"]
[Site "Helsingor DEN"]
[Date "2019.07.24"]
[Round "6.3"]
[White "Korobov, Anton"]
[Black "Praggnanandhaa, R"]
[Result "0-1"]
[WhiteTitle "GM"]
[BlackTitle "GM"]
[WhiteElo "2687"]
[BlackElo "2540"]
[WhiteFideId "14105730"]
[BlackFideId "25059530"]
[EventDate "2019.07.20"]

1. d4 Nf6 2. c4 e6 3. Nc3 Bb4 4. e3 O-O 5. Bd3 d5 6. Nf3 c5 7. O-O dxc4 8. Bxc4
cxd4 9. exd4 b6 10. Bg5 Bb7 11. Re1 Nbd7 12. Rc1 Rc8 13. Bd3 h6 14. Bh4 Be7 15.
Bc2 Nh5 16. Qd3 Ndf6 17. Bxf6 Nxf6 18. Ne5 Qd6 19. a3 Rfd8 20. Rcd1 Qc7 21. Re3
Bd6 22. f4 a6 23. Bb1 b5 24. h3 Ba8 25. f5 Bxe5 26. Rxe5 Qxe5 27. dxe5 Rxd3 28.
Rxd3 Nd5 29. Kf2 Kf8 30. fxe6 fxe6 31. Rf3+ Ke7 32. Bg6 Nxc3 33. Rf7+ Kd8 34.
bxc3 Bd5 35. Rf8+ Kd7 36. Rxc8 Kxc8 37. g3 Kc7 38. Ke3 Kb6 39. Kd4 Bg2 40. h4
Bd5 41. g4 Bf3 42. g5 hxg5 43. hxg5 Bd5 44. Bc2 Ba2 45. a4 a5 46. axb5 Kxb5 47.
Bg6 a4 48. Bd3+ Ka5 49. Ke3 a3 50. Kd2 Bb3 51. Kc1 Kb6 0-1

[Event "Xtracon Chess Open 2019"]
[Site "Helsingor DEN"]
[Date "2019.07.24"]
[Round "6.6"]
[White "Karthikeyan, Murali"]
[Black "Postny, Evgeny"]
[Result "1/2-1/2"]
[WhiteTitle "GM"]
[BlackTitle "GM"]
[WhiteElo "2613"]
[BlackElo "2601"]
[WhiteFideId "5074452"]
[BlackFideId "2804344"]
[EventDate "2019.07.20"]

1. Nf3 d5 2. g3 c6 3. Bg2 Bg4 4. O-O Nf6 5. d4 e6 6. h3 Bh5 7. c4 Nbd7 8. cxd5
cxd5 9. Qb3 Qb6 10. Nc3 Be7 11. Qxb6 Nxb6 12. Ne5 O-O 13. g4 Bg6 14. h4 Ne8 15.
h5 Bc2 16. Bd2 f6 17. Nd3 Bxd3 18. exd3 Rd8 19. a4 Nc7 20. Rfe1 Kf7 21. f4 a5
22. f5 Bb4 23. Rac1 Rd7 24. Bf4 exf5 25. Bxc7 Rxc7 26. Nxd5 Rxc1 27. Rxc1 Nxd5
28. Bxd5+ Ke7 29. gxf5 Rd8 30. Be6 Kd6 31. d5 Bc5+ 32. Kg2 Re8 33. Kf3 Re7 34.
Ke4 Rc7 35. h6 gxh6 36. Rh1 Rg7 37. Rxh6 Ke7 38. d4 Rg4+ 39. Kf3 Rxd4 40. Rxh7+
Kd6 41. Rd7+ 1/2-1/2

[Event "Xtracon Chess Open 2019"]
[Site "Helsingor DEN"]
[Date "2019.07.24"]
[Round "6.7"]
[White "Malmstig, Erik"]
[Black "Sevian, Samuel"]
[Result "0-1"]
[WhiteTitle "FM"]
[BlackTitle "GM"]
[WhiteElo "2357"]
[BlackElo "2667"]
[WhiteFideId "1702866"]
[BlackFideId "2040506"]
[EventDate "2019.07.20"]

1. d4 e6 2. c4 Nf6 3. Nc3 Bb4 4. e3 O-O 5. Bd3 d5 6. cxd5 exd5 7. Ne2 Re8 8. f3
Bd6 9. O-O c5 10. Qe1 Nc6 11. Qh4 h6 12. Bd2 b6 13. a3 Bb7 14. Rae1 Na5 15. Nd1
Nc4 16. Bc1 Rc8 17. Ng3 Bf8 18. Nc3 Na5 19. Nf5 Nb3 20. g4 Nh7 21. Qh5 Qf6 22.
e4 g6 23. Nxh6+ Bxh6 24. Qxh6 Qxd4+ 25. Re3 Nxc1 26. Rxc1 c4 27. Bf1 dxe4 28.
Nb5 Qxb2 29. Rxc4 Rxc4 30. Bxc4 Qc1+ 31. Bf1 Ba6 32. a4 Bxb5 33. axb5 Nf6 34.
Qg5 Nd5 0-1

[Event "Xtracon Chess Open 2019"]
[Site "Helsingor DEN"]
[Date "2019.07.24"]
[Round "6.9"]
[White "Haubro, Martin"]
[Black "Svane, Rasmus"]
[Result "0-1"]
[WhiteTitle "IM"]
[BlackTitle "GM"]
[WhiteElo "2356"]
[BlackElo "2615"]
[WhiteFideId "1414291"]
[BlackFideId "4657101"]
[EventDate "2019.07.20"]

1. e4 c6 2. d4 d5 3. exd5 cxd5 4. c4 Nf6 5. Nc3 Nc6 6. Nf3 a6 7. Ne5 e6 8. Bg5
Be7 9. Be2 h6 10. Bh4 dxc4 11. Nxc6 bxc6 12. O-O Ra7 13. Bxc4 Rd7 14. Ne2 O-O
15. Qa4 Bb7 16. Rac1 Qa8 17. f3 Rfd8 18. Bf2 Ne8 19. Qa5 Bg5 20. Rc2 Nc7 21. f4
Bf6 22. f5 c5 23. Nf4 exf5 24. dxc5 Bg5 25. Bg3 Ne8 26. h4 Bf6 27. Kh2 Bd4 28.
Bd3 Be4 29. c6 Bxd3 30. Nxd3 Rd5 31. Qa4 Nf6 32. Nf4 Rc5 33. Rxc5 Bxc5 34. Rc1
Be3 35. Rc3 Qa7 36. c7 Rc8 37. Qc6 Ng4+ 38. Kh3 Bxf4 39. Bxf4 Qg1 40. Rc2 Qh1+
41. Kg3 g5 42. hxg5 hxg5 43. Bd6 Qe1+ 44. Kf3 Qe3# 0-1

[Event "Xtracon Chess Open 2019"]
[Site "Helsingor DEN"]
[Date "2019.07.24"]
[Round "6.10"]
[White "Andersen, Mads"]
[Black "Gandrud, Vegar Koi"]
[Result "1-0"]
[WhiteTitle "GM"]
[BlackTitle "FM"]
[WhiteElo "2605"]
[BlackElo "2351"]
[WhiteFideId "1413864"]
[BlackFideId "1505530"]
[EventDate "2019.07.20"]

1. d4 Nf6 2. c4 g6 3. Nf3 Bg7 4. e3 O-O 5. Be2 c5 6. d5 d6 7. Nc3 e6 8. O-O exd5
9. cxd5 Re8 10. Nd2 a6 11. a4 Nbd7 12. Nc4 Ne5 13. Na3 g5 14. f4 gxf4 15. exf4
Ng6 16. Nc4 Ne4 17. Nxe4 Rxe4 18. f5 Ne5 19. Qc2 Rd4 20. Be3 Rxd5 21. f6 Bf8 22.
Qe4 Be6 23. Nxe5 Rxe5 24. Qh4 c4 25. Rf3 Kh8 26. Bxc4 Bxc4 27. Qxc4 d5 28. Qg4
Rxe3 29. Rxe3 Qb6 30. Re1 Re8 31. Qg3 Rxe3 32. Rxe3 Qxb2 33. Qg7+ Bxg7 34. Re8+
Bf8 35. Rxf8# 1-0

[Event "Xtracon Chess Open 2019"]
[Site "Helsingor DEN"]
[Date "2019.07.24"]
[Round "6.40"]
[White "Rosenkilde, Alexander"]
[Black "Thybo, Thomas Sondergaard"]
[Result "1/2-1/2"]
[WhiteElo "2255"]
[BlackElo "2104"]
[WhiteFideId "1408488"]
[BlackFideId "1441299"]
[EventDate "2019.07.20"]

1. d4 Nf6 2. c4 g6 3. Nc3 Bg7 4. Bg5 d6 5. Nf3 O-O 6. e3 h6 7. Bh4 c5 8. d5 Qb6
9. Rb1 Qa5 10. Nd2 Bf5 11. Rc1 Qb4 12. Qb3 Qxb3 13. Nxb3 g5 14. Bg3 Ne4 15. Nd2
Nxc3 16. bxc3 Nd7 17. Be2 Nb6 18. e4 Bg6 19. Bd1 f5 20. exf5 Bxf5 21. O-O Bf6
22. Re1 Bd3 23. Bb3 h5 24. h3 Nd7 25. Re3 Bg6 26. Bc2 Kg7 27. Bxg6 Kxg6 28. Ne4
Nb6 29. Nxf6 exf6 30. Bxd6 Nxc4 31. Bxf8 Nxe3 32. Bxc5 Nxd5 33. c4 Nf4 34. Rc2
a6 35. Be3 Ne6 36. Rb2 Rc8 37. Rxb7 Rxc4 38. Rb6 Nc7 39. Kf1 Rc2 40. a3 Rc4 41.
Rd6 Kf7 42. Ke2 Ke7 43. Rb6 Re4 44. Kd3 Re6 45. Rxe6+ Kxe6 46. Kc4 Kd6 47. Kb4
Kc6 48. Ka5 Kb7 49. g4 hxg4 50. hxg4 Nb5 51. Bc5 Na7 52. Bxa7 Kxa7 53. Kb4 Kb6
54. a4 Kc6 55. Kc4 Kd6 56. Kd4 Kc6 57. Ke4 Kd6 58. Kf5 Ke7 1/2-1/2

[Event "Xtracon Chess Open 2019"]
[Site "Helsingor DEN"]
[Date "2019.07.24"]
[Round "6.54"]
[White "Stovring, Claus"]
[Black "Vesterli, Michael E."]
[Result "0-1"]
[WhiteElo "2036"]
[BlackElo "2221"]
[WhiteFideId "1406914"]
[BlackFideId "1417339"]
[EventDate "2019.07.20"]

1. e4 c5 2. Nf3 d6 3. Bb5+ Nd7 4. c3 Nf6 5. Qe2 a6 6. Ba4 e5 7. d4 b5 8. Bc2 Qb6
9. d5 Be7 10. h3 O-O 11. Nbd2 c4 12. Nf1 Nc5 13. Ng3 Qc7 14. O-O a5 15. Nh2 Re8
16. Ng4 Nxg4 17. hxg4 Rb8 18. f4 exf4 19. Bxf4 Bf6 20. Qf3 Nd7 21. Nh5 Be5 22.
Be3 Nf8 23. Rf2 Ng6 24. Raf1 Rb7 25. Qd1 Qe7 26. g3 Bd7 27. Qf3 Rf8 28. Nf4 Rbb8
29. Bd1 Nh8 30. Qh1 f6 31. Qf3 Rfe8 32. Nh5 Nf7 33. Qh1 Ng5 34. Rh2 g6 35. Nf4
Bxf4 36. Bxf4 Qxe4 37. Qxe4 Nxe4 38. Bc2 Bxg4 39. Bxe4 Rxe4 40. Bxd6 Rd8 41. Bc7
Rxd5 42. Rhf2 f5 43. Bxa5 Be2 44. Ra1 h5 45. Bc7 Bd3 46. Bb6 Rg4 47. Kh2 h4 48.
Rg1 Rd7 0-1

[Event "Xtracon Chess Open 2019"]
[Site "Helsingor DEN"]
[Date "2019.07.24"]
[Round "6.74"]
[White "Ashwin, Hariharan"]
[Black "Rishovd, Svein"]
[Result "1/2-1/2"]
[BlackTitle "CM"]
[WhiteElo "1881"]
[BlackElo "2124"]
[WhiteFideId "5812666"]
[BlackFideId "1513060"]
[EventDate "2019.07.20"]

1. e4 c5 2. Nc3 a6 3. f4 Nc6 4. Nf3 e6 5. g3 b5 6. Bg2 Bb7 7. O-O Qb6 8. d3 Nge7
9. Be3 Nd4 10. Nxd4 cxd4 11. Bf2 Nc6 12. Ne2 Bc5 13. c3 Qa7 14. a4 dxc3 15. Bxc5
Qxc5+ 16. d4 Qb6 17. bxc3 O-O 18. Qd3 Rab8 19. Rfb1 Na7 20. axb5 axb5 21. c4
bxc4 22. Qxc4 Qc6 23. Qb3 Nc8 24. Rc1 Qb6 25. Rab1 Ba6 26. Qa2 Bb5 27. Rc5 Na7
28. Nc3 d6 29. Rcxb5 Qxd4+ 30. Qf2 Nxb5 31. Nxb5 Qd3 32. Qf1 Qe3+ 33. Qf2 Qd3
34. Qf1 Qe3+ 35. Kh1 Rfc8 36. Qg1 Qd3 1/2-1/2

[Event "Xtracon Chess Open 2019"]
[Site "Helsingor DEN"]
[Date "2019.07.24"]
[Round "6.78"]
[White "Overmark, Ole"]
[Black "Jannik, Morten Emil"]
[Result "1/2-1/2"]
[WhiteElo "1765"]
[BlackElo "1561"]
[WhiteFideId "1410776"]
[BlackFideId "1433814"]
[EventDate "2019.07.20"]

1. c4 c6 2. Nc3 d6 3. d4 g6 4. e4 Bg7 5. Be3 Nf6 6. h3 O-O 7. Qd2 e5 8. d5 c5 9.
Be2 Na6 10. Bg5 Nc7 11. Nf3 a6 12. O-O Rb8 13. Rfe1 b5 14. cxb5 Nxb5 15. Nxb5
axb5 16. Qe3 Qb6 17. Nd2 Ba6 18. Qf3 Qd8 19. a4 h6 20. Be3 Qd7 21. a5 Qc8 22. b3
Qd7 23. Rec1 Qe7 24. Bd3 Nxe4 25. Nxe4 f5 26. Nxc5 e4 27. Qd1 Bxa1 28. Nxa6 Rb7
29. Rxa1 exd3 30. Bxh6 Re8 31. Qxd3 Qe5 32. Rc1 Rbe7 33. Qxb5 Qb2 34. Nb4 Re1+
35. Rxe1 Rxe1+ 36. Kh2 Qxf2 37. Nd3 Qg1+ 38. Kg3 Re2 39. Nf4 Re3+ 40. Kh4 Qf2+
41. Kg5 Rg3+ 42. Kf6 Qd4+ 43. Ke7 Re3+ 44. Kxd6 Qe5+ 45. Kc6 Rc3+ 46. Qc4 Qe8+
47. Kc5 Rxc4+ 48. bxc4 Qe3+ 49. Kd6 Kf7 50. Bg5 Qc3 51. c5 Qxa5 52. Ne6 Ke8 53.
Nc7+ Kf7 54. Kc6 Qa4+ 55. Kb7 Qb4+ 56. Kc6 Qa4+ 57. Kd6 Qb4 58. g3 Qa3 59. Bf4
Qb4 60. Ne6 Qa3 61. h4 Ke8 62. Be5 Qb4 63. Nf4 Qb8+ 64. Ke6 Qb7 65. Bd6 Qf7+ 66.
Ke5 Qg7+ 67. Ke6 Qf7+ 1/2-1/2

[Event "Xtracon Chess Open 2019"]
[Site "Helsingor DEN"]
[Date "2019.07.24"]
[Round "6.80"]
[White "Rosell, Sven"]
[Black "Valkama, Eero"]
[Result "0-1"]
[BlackTitle "FM"]
[WhiteElo "1913"]
[BlackElo "2286"]
[WhiteFideId "1707760"]
[BlackFideId "507555"]
[EventDate "2019.07.20"]

1. c4 e5 2. Nc3 Nc6 3. Nf3 Nf6 4. g3 Bb4 5. Bg2 Bxc3 6. bxc3 d6 7. O-O O-O 8. d3
h6 9. Rb1 Rb8 10. e4 Be6 11. h3 Ne7 12. Be3 b6 13. Qe2 Ng6 14. Nd2 Qd7 15. Kh2
Nh7 16. f4 exf4 17. gxf4 f5 18. Qh5 Qf7 19. Rf2 Nf6 20. Qe2 Rbe8 21. Rg1 Kh7 22.
Bh1 Rg8 23. Rg3 Nh4 24. e5 Nh5 25. Rg1 dxe5 26. fxe5 f4 27. Ne4 Kh8 28. Bd2 Ref8
29. Bf3 Nxf3+ 30. Rxf3 g5 31. Rff1 f3 32. Qe3 Qf5 33. Nf2 Rg7 34. Qe4 Qxe4 35.
Nxe4 Rd7 36. d4 Bxc4 37. Rf2 Bd5 38. Ng3 Ng7 39. Be3 Kh7 40. Rb1 c6 41. Rb4 b5
42. Rb1 Kg6 43. Rg1 Kf7 44. Bc1 Ke6 45. Ba3 Rg8 46. Ne2 Nh5 47. Nc1 Nf4 48. Rd2
Kf5 49. Rf2 h5 50. Nb3 g4 51. Nc5 Rdg7 52. Rg3 Nxh3 0-1

[Event "Xtracon Chess Open 2019"]
[Site "Helsingor DEN"]
[Date "2019.07.24"]
[Round "6.81"]
[White "Sebastian, Andreas"]
[Black "Guindy, Esmat Susanne"]
[Result "1-0"]
[BlackTitle "WFM"]
[WhiteElo "1911"]
[BlackElo "2132"]
[WhiteFideId "1529498"]
[BlackFideId "1401637"]
[EventDate "2019.07.20"]

1. d4 d5 2. Bf4 Nf6 3. e3 Bf5 4. c4 c6 5. Nc3 e6 6. Qb3 Qb6 7. c5 Qxb3 8. axb3
Nbd7 9. b4 a6 10. b5 cxb5 11. Nxb5 Rc8 12. Nd6+ Bxd6 13. Bxd6 Ne4 14. Bf4 e5 15.
Bg3 Nxg3 16. hxg3 exd4 17. exd4 O-O 18. Kd2 Nf6 19. f3 Rfe8 20. g4 Bg6 21. Nh3
h6 22. Nf4 Bh7 23. Bd3 Bxd3 24. Nxd3 Re7 25. Rhe1 Rxe1 26. Rxe1 Kf8 27. Kc3 Ne8
28. Ne5 f6 29. Ng6+ Kf7 30. Ne7 Rd8 31. Nf5 Rd7 32. Kb4 Kf8 33. Ka5 g6 34. Nh4
Rg7 35. Kb6 h5 36. gxh5 gxh5 37. Re2 Rd7 38. Ng6+ Kf7 39. Nf4 Ng7 40. g4 hxg4
41. fxg4 Ne8 42. b4 Kf8 43. Nh5 Rf7 44. Re6 f5 45. gxf5 Rxf5 46. Rxe8+ 1-0